| 000 | 00900cam a22002655a 4500 | ||
|---|---|---|---|
| 001 | 18267734 | ||
| 005 | 20201128023855.0 | ||
| 008 | 140814t2015 njua fr 001 0 eng d | ||
| 020 | _a9781118908716 | ||
| 040 |
_aDLC _beng _cDLC _dEG-ScBUE |
||
| 082 | 0 | 4 |
_a338.83 _222 _bPIG |
| 100 | 1 | _aPignataro, Paul. | |
| 245 | 1 | 0 |
_aMergers, acquisitions, divestitures, and other restructurings : _ba practical guide to investment banking and private equity / _cPaul Pignataro. |
| 260 |
_aHoboken : _bWiley, _cc.2015. |
||
| 300 |
_axiv, 352 p. : _bill. ; _c24 cm. |
||
| 490 | 0 | _aWiley finance series. | |
| 500 | _aIndex : p. 341-352. | ||
| 650 | 0 |
_aLeveraged buyouts. _2BUEsh |
|
| 650 | 7 |
_aInvestment banking. _2BUEsh _91908 |
|
| 650 | 7 |
_aPrivate equity. _2BUEsh _94336 |
|
| 651 | _2BUEsh | ||
| 653 |
_bBUSADM _cOctober2016 |
||
| 650 | 7 |
_936487 _aConsolidation and merger of corporations _2BUEsh |
|
| 942 | _2ddc | ||
| 999 |
_c22594 _d22566 |
||